<?xml version="1.0" encoding="UTF-8"?><?xml-stylesheet type="text/xsl" href="static/style.xsl"?><OAI-PMH xmlns="http://www.openarchives.org/OAI/2.0/" xmlns:xsi="http://www.w3.org/2001/XMLSchema-instance" xsi:schemaLocation="http://www.openarchives.org/OAI/2.0/ http://www.openarchives.org/OAI/2.0/OAI-PMH.xsd"><responseDate>2026-06-29T02:42:11Z</responseDate><request verb="GetRecord" identifier="oai:docta.ucm.es:20.500.14352/96615" metadataPrefix="marc">https://docta.ucm.es/rest/oai/request</request><GetRecord><record><header><identifier>oai:docta.ucm.es:20.500.14352/96615</identifier><datestamp>2025-03-18T13:59:09Z</datestamp><setSpec>com_20.500.14352_14</setSpec><setSpec>col_20.500.14352_15</setSpec></header><metadata><record xmlns="http://www.loc.gov/MARC21/slim" xmlns:dcterms="http://purl.org/dc/terms/" xmlns:xsi="http://www.w3.org/2001/XMLSchema-instance" xmlns:doc="http://www.lyncode.com/xoai" xsi:schemaLocation="http://www.loc.gov/MARC21/slim http://www.loc.gov/standards/marcxml/schema/MARC21slim.xsd">
   <leader>00925njm 22002777a 4500</leader>
   <datafield ind2=" " ind1=" " tag="042">
      <subfield code="a">dc</subfield>
   </datafield>
   <datafield ind2=" " ind1=" " tag="720">
      <subfield code="a">Boujbiha, Mohamed Ali</subfield>
      <subfield code="e">author</subfield>
   </datafield>
   <datafield ind2=" " ind1=" " tag="720">
      <subfield code="a">Chahdoura, Hassiba</subfield>
      <subfield code="e">author</subfield>
   </datafield>
   <datafield ind2=" " ind1=" " tag="720">
      <subfield code="a">Adouni, Khaoula</subfield>
      <subfield code="e">author</subfield>
   </datafield>
   <datafield ind2=" " ind1=" " tag="720">
      <subfield code="a">Ziani, Borhane Eddine Cherif</subfield>
      <subfield code="e">author</subfield>
   </datafield>
   <datafield ind2=" " ind1=" " tag="720">
      <subfield code="a">Snoussi, Mejdi</subfield>
      <subfield code="e">author</subfield>
   </datafield>
   <datafield ind2=" " ind1=" " tag="720">
      <subfield code="a">Chakroun, Yasmine</subfield>
      <subfield code="e">author</subfield>
   </datafield>
   <datafield ind2=" " ind1=" " tag="720">
      <subfield code="a">Ciudad Mulero, María</subfield>
      <subfield code="e">author</subfield>
   </datafield>
   <datafield ind2=" " ind1=" " tag="720">
      <subfield code="a">Fernández Ruiz, Virginia</subfield>
      <subfield code="e">author</subfield>
   </datafield>
   <datafield ind2=" " ind1=" " tag="720">
      <subfield code="a">Achour, Lotfi</subfield>
      <subfield code="e">author</subfield>
   </datafield>
   <datafield ind2=" " ind1=" " tag="720">
      <subfield code="a">Selmi, Boulbaba</subfield>
      <subfield code="e">author</subfield>
   </datafield>
   <datafield ind2=" " ind1=" " tag="720">
      <subfield code="a">Morales Gómez, Patricia</subfield>
      <subfield code="e">author</subfield>
   </datafield>
   <datafield ind2=" " ind1=" " tag="720">
      <subfield code="a">Flamini, Guido</subfield>
      <subfield code="e">author</subfield>
   </datafield>
   <datafield ind2=" " ind1=" " tag="260">
      <subfield code="c">2023-06-29</subfield>
   </datafield>
   <datafield ind2=" " ind1=" " tag="520">
      <subfield code="a">Wild Vitex agnus-castus (VAC) is a Mediterranean plant that is rich in bioactive metabolites. This study aimed to validate, for the first time, the beneficial use of VAC fruits and fruit decoctions (VFDs) through in vitro and in vivo trials. Forty-one volatile components were detected in VAC fruits, with 1,8-cineole (30.3%) comprising the majority. The antioxidant activity of VFD was measured by using different in vitro methods (EC50 of 0.16 mg/mL by β-carotene bleaching inhibition assay) and by measuring the DNA protection power. Using the disc diffusion assay, the antimicrobial activity of VFD was evaluated, and it exhibited a noticeable anticandidal activity. VFD did not cause any toxicity or mortality in rats treated with doses > 200 mg/kg. Using the acetic acid writhing test, the antinociceptive activity of VFD was measured. Our results showed that VFD at 200 mg/kg exhibited a higher analgesic activity (81.68%) than acetylsalicylic acid used as a positive control (74.35%). Its gastroprotective ability was assessed by HCl/ethanol-induced gastric lesions, which were remarkably inhibited (84.62%) by intraperitoneal administration of VFD. This work helps to validate the popular use of VAC to treat nociceptive, inflammatory, and gastric disorders and encourages researchers to further investigate the identification of pharmacological compounds from this species.</subfield>
   </datafield>
   <datafield ind1="8" ind2=" " tag="024">
      <subfield code="a">Boujbiha MA, Chahdoura H, Adouni K, Ziani BEC, Snoussi M, Chakroun Y, et al. Wild Vitex agnus-castus L.: Phytochemical Characterization, Acute Toxicity, and Bioactive Properties. Molecules 2023;28:5096. https://doi.org/10.3390/molecules28135096.</subfield>
   </datafield>
   <datafield ind1="8" ind2=" " tag="024">
      <subfield code="a">10.3390/molecules28135096</subfield>
   </datafield>
   <datafield ind1="8" ind2=" " tag="024">
      <subfield code="a">https://hdl.handle.net/20.500.14352/96615</subfield>
   </datafield>
   <datafield ind1="8" ind2=" " tag="024">
      <subfield code="a">https://doi.org/10.3390/molecules28135096</subfield>
   </datafield>
   <datafield ind2="0" ind1="0" tag="245">
      <subfield code="a">Wild Vitex agnus-castus L.: phytochemical characterization, acute toxicity, and bioactive properties</subfield>
   </datafield>
</record></metadata></record></GetRecord></OAI-PMH>